000 00685nam a2200253 4500
001 1991
010 _a9789722084901
021 _aPT
_b541540/24
090 _a1991
100 _a20251120d2025 m||y0pory50030103ba
101 _apor
102 _aPT
200 _aNem todas as árvores morrem de pé
_fLuísa Sobral
_gil. Camila Beirão
205 _a1ª edição
210 _aAlfragide
_cDom Quixote
_d2025
215 _a222 p.
_cil.
_d24 cm
300 _aBMB-Registado
606 _9776
_aLiteratura Portuguesa
606 _9779
_aRomance
675 _a821.134.3-31
_vBMB
_zpor
700 _aSobral
_bLuísa
_92864
702 _aBeirão
_bCamila
_4440
_92865
801 _aPT
_bBMB
_gRPC
990 _cLIVROS